Bangau tua yang jahat dan ketam yang bijak

Bibliographic Details
Main Author: Ahmad Riefqiey
Corporate Author: Title
Other Authors: Ahmad Rafa'addin, Nur Rasyidatul Aini
Format: Book
Published: Selangor : Pustaka Ilmi , [?]
Series:Ilmu pelita hidup : siri kisah teladan anak-anak pintar
Subjects:

MARC

LEADER 00000cam a2200000 7i4500
001 0000000414
005 20220105103910.0
008 070702
020 |a 9830987493 
090 0 0 |a JP   |b MAL (827) 
100 0 |a Ahmad Riefqiey 
245 1 0 |a Bangau tua yang jahat dan ketam yang bijak   |c Ahmad Riefqiey, Nur Rasyidatul Aini dan Ahmad Rafa'addin 
260 |a Selangor :   |b Pustaka Ilmi ,   |c [?] 
440 |a Ilmu pelita hidup : siri kisah teladan anak-anak pintar 
500 |a Children age 4-6 years old (yellow) 
650 0 |a Junior fiction   |x Malay   |x Languages 
700 0 |a Ahmad Rafa'addin 
700 0 |a Nur Rasyidatul Aini 
710 0 |a Title 
999 |a 0000959551   |b Book   |c Children Collection   |e Perbadanan Perpustakaan Awam Johor 
999 |a 0000959552   |b Book   |c Children Collection   |e Cawangan Mersing 
999 |a 0000959553   |b Book   |c Children Collection   |e Perbadanan Perpustakaan Awam Johor 
999 |a 0000989273   |b Book   |c Children Collection   |e Perbadanan Perpustakaan Awam Johor 
999 |a 0000989274   |b Book   |c Children Collection   |e Perbadanan Perpustakaan Awam Johor 
999 |a 0000989275   |b Book   |c Children Collection   |e Perbadanan Perpustakaan Awam Johor 
999 |a 0001044224   |b Book   |c Children Collection   |e Cawangan Bandar Penawar 
999 |a 0001044225   |b Book   |c Children Collection   |e Cawangan Taman Universiti